Loading...
| Literature - American | 0 | 5 | 2 | 1 | 40 | 86 | 130.00 | 0 | 1 | 4.58 | 12.41 |
| Literature - European | 0 | 3 | 0 | 0 | 30 | 39 | 88.33 | 1 | 2 | 7.16 | 13.67 |
| Literature - World | 0 | 4 | 2 | 0 | 30 | 104 | 129.25 | 0 | 0 | 3.17 | 12.94 |
| Philosophy | 0 | 3 | 1 | 0 | 25 | 77 | 110.00 | 0 | 0 | 3.13 | 7.98 |
| Science - Chemistry | 0 | 2 | 0 | 0 | 20 | 124 | 125.00 | 0 | 0 | 0.27 | 3.43 |
| Literature - British | 0 | 2 | 0 | 0 | 20 | 117 | 117.50 | 0 | 0 | 2.49 | 6.25 |
| Science - Other | 0 | 2 | 0 | 1 | 20 | 126 | 134.00 | 0 | 0 | 0.05 | 3.29 |
| Social Science | 0 | 1 | 0 | 0 | 10 | 106 | 106.00 | 0 | 0 | 0.89 | 4.66 |
| Fine Arts - Painting & Sculpture | 0 | 1 | 0 | 0 | 10 | 122 | 122.00 | 0 | 0 | 0.79 | 4.17 |
| Mythology | 0 | 1 | 0 | 0 | 10 | 65 | 65.00 | 0 | 0 | 5.14 | 7.56 |
| Religion | 0 | 1 | 0 | 0 | 10 | 131 | 131.00 | 0 | 0 | 0.00 | 1.79 |
| Fine Arts - Classical Music | 0 | 1 | 0 | 0 | 10 | 129 | 129.00 | 0 | 0 | 0.05 | 0.74 |
| Science - Physics | 0 | 1 | 0 | 0 | 10 | 141 | 141.00 | 0 | 0 | 0.00 | 0.80 |
| Science - Biology | 0 | 0 | 0 | 0 | 0 | 0.00 | 0 | 0 | 0.00 | 0.00 |